Colors that begin with the letter T - Statistics

General Stats
  • This quiz has been taken 610 times
  • The average score is 5 of 12
Answer Stats
Hint Answer % Correct
Tan
90%
Teal
87%
Turquoise
83%
Tangerine
65%
Taupe
58%
Tomato
22%
Terra Cotta
20%
Topaz
20%
Thistle
18%
Tenné
16%
Titanium
16%
Turnip
9%
No matching quizzes found
Score Distribution
Percent of People with Each Score
Percentile by Number Answered
Your Score History
You have not taken this quiz